<The> little book on external debt 2006
Salvato in:
| Natura: | Libro |
|---|---|
| Lingua: | inglese |
| Pubblicazione: |
Washington, D.C.
<The> World Bank
2006
|
| Serie: | Global development finance
|
| Soggetti: | |
| Tags: |
Nessun Tag, puoi essere il primo ad aggiungerne!!
|
MARC
| LEADER | 00000nam$a2200000$$$4500 | ||
|---|---|---|---|
| 001 | 0042288 | ||
| 005 | 20240313135002.5 | ||
| 020 | |a 0-8213-6605-X | ||
| 041 | 0 | |a eng | |
| 044 | |a US | ||
| 245 | 1 | 0 | |a <The> little book on external debt 2006 |
| 264 | 1 | |a Washington, D.C. |b <The> World Bank |c 2006 | |
| 300 | |a 158 s. | ||
| 490 | 1 | |a Global development finance | |
| 830 | 0 | |a Global development finance | |
| 610 | 2 | 0 | |a zadlženosť zahraničná |
| 610 | 2 | 0 | |a vývoj |
| 610 | 2 | 0 | |a údaje štatistické |
| 610 | 2 | 0 | |a krajiny rozvojové |
| 610 | 2 | 0 | |a krajiny tranzitívne |
| 610 | 2 | 0 | |a porovnanie štatistické medzinárodné |
| 610 | 2 | 0 | |a ukazovatele |
| 610 | 2 | 0 | |a financie |
| 610 | 2 | 0 | |a 2006 |